000 01195nam a2200277Ia 4500
003 OSt
005 20220930095016.0
006 a|||||r|||| 00| 0
007 ta
008 220926b |||||||| |||| 00| 0 hin d
024 _a66294
037 _cTheses
040 _aCRL
_cCRL
_bhin
041 _2hin
_ahin
100 _aयादव, घनश्याम, ले.
110 _aदिल्ली विश्वविद्यालय. कला संकाय. संस्कृत विभाग
245 0 _aआधुनिक अवदानकाव्यों का काव्यशास्त्रीय अध्ययन, घनश्याम यादव
246 _aĀdhunik avadānakāvyoan kā kāvyashāstrīya adhyayana, ghanashyām yādava
260 _c2020
300 _a258पृ0
_ap.
_ccm.
650 _a संस्कृत साहित्य
650 _aसंस्कृत कविता
700 _aदिल्ली विश्वविद्यालय. कला संकाय. संस्कृत विभाग
942 _cDIS
_2CC
999 _c888150
_d888150